Central Library OPAC University of Rajshahi

The closers / (Record no. 13609)

MARC details
000 -LEADER
fixed length control field 01110cam a22003255a 4500
001 - CONTROL NUMBER
control field 13609
003 - CONTROL NUMBER IDENTIFIER
rucl marc code BD-RjUL
005 - DATE AND TIME OF LATEST TRANSACTION
control field 20211208235500.0
008 - FIXED-LENGTH DATA ELEMENTS--GENERAL INFORMATION
fixed length control field 010201s2006 nyu 000 0 eng
020 ## - INTERNATIONAL STANDARD BOOK NUMBER
International Standard Book Number 9780446699556
International Standard Book Number 0446699551
035 ## - SYSTEM CONTROL NUMBER
System control number (BD-RjUL)13661
040 ## - CATALOGING SOURCE
Original cataloging agency DLC
Transcribing agency DLC
Modifying agency DLC
Language of cataloging eng
041 ## - LANGUAGE CODE
Language code of text/sound track or separate title eng
082 ## - DEWEY DECIMAL CLASSIFICATION NUMBER
Classification number 813.54
Author mark and year COC 2006
100 1# - MAIN ENTRY--PERSONAL NAME
Personal name Connelly, Michael,
Dates associated with a name 1956-
9 (RLIN) 42583
245 14 - TITLE STATEMENT
Title The closers /
Statement of responsibility, etc. Michael Connelly.
250 ## - EDITION STATEMENT
Edition statement 1st warner ed.
260 ## - PUBLICATION, DISTRIBUTION, ETC. (IMPRINT)
Place of publication, distribution, etc. New York, NY :
Name of publisher, distributor, etc. Warner Books,
Date of publication, distribution, etc. 2006.
263 ## - PROJECTED PUBLICATION DATE
Projected publication date 0610
300 ## - PHYSICAL DESCRIPTION
Pagination 456 p. ;
Size 16 cm.
650 #0 - SUBJECT ADDED ENTRY--TOPICAL TERM
Topical term or geographic name as entry element Bosch, Harry (Fictitious character)
Form subdivision Fiction.
9 (RLIN) 78817
Topical term or geographic name as entry element Police
Geographic subdivision California
-- Los Angeles
Form subdivision Fiction.
9 (RLIN) 78818
Topical term or geographic name as entry element Teenage girls
Form subdivision Fiction.
General subdivision Crimes against
9 (RLIN) 78819
651 #0 - SUBJECT ADDED ENTRY--GEOGRAPHIC NAME
Geographic name Los Angeles (Calif.)
Form subdivision Fiction.
9 (RLIN) 78820
856 42 - ELECTRONIC LOCATION AND ACCESS
Materials specified Contributor biographical information
Uniform Resource Identifier <a href="http://www.loc.gov/catdir/enhancements/fy0742/2006928560-b.html">http://www.loc.gov/catdir/enhancements/fy0742/2006928560-b.html</a>
Materials specified Publisher description
Uniform Resource Identifier <a href="http://www.loc.gov/catdir/enhancements/fy1116/2006928560-d.html">http://www.loc.gov/catdir/enhancements/fy1116/2006928560-d.html</a>
942 ## - ADDED ENTRY ELEMENTS (KOHA)
Source of classification or shelving scheme Dewey Decimal Classification
Koha item type Books
Holdings
Lost status Source of classification or shelving scheme Damaged status Not for loan Collection code Permanent Location Current Location Shelving location Date acquired Source of acquisition Cost, normal purchase price Total Checkouts Full call number Date last seen Copy number Koha item type
  Dewey Decimal Classification   Added to bundle Non-fiction Central Library, University of Rajshahi Central Library, University of Rajshahi Reading Room 03/11/2013 Dhaka american central library 7.99   813.35 COC 2006 01/02/2014 C-1 Books